000 00888nam a2200301 a 4500
001 000003020
003 DO-SdBNP
005 20180402155146.0
007 000003020
008 091027s1998 sp 000 0 spa d
020 _a8489539693
040 _aBPMSU
_bspa
_cBPMSU
082 _aRD863.44
_bM425b
092 _2
100 1 _aMateo, Andrés L.,
_d1946-
245 1 3 _aLa balada de Alfonsina Bairán /
_cAndrés L. Mateo.
250 _a3a. ed.
260 _aSanto Domingo :
_bEditora de Colores,
_c1998.
300 _a166 p. ;
_c22 cm.
490 1 _aLiteratura dominicana
500 _aIncluye datos biográficos del autor en la contracubierta
650 4 _aNOVELA DOMINICANA
650 4 _aLITERATURA DOMINICANA
830 0 _aLiteratura dominicana
942 _2ddc
_cBK
945 _aRemanejado para la BNPHU / 2017 VM
956 _aVMATEO
_b10
_c20150410
_lBND01
_h1207
999 _c7600
_d7600